LIBRARY & INFORMATION CENTRE, KCAET, TAVANUR

ONLINE PUBLIC ACCESS CATALOGUE (OPAC)

Intelluctual property rights on bio-technology: A status report / (Record no. 8886)

MARC details
000 -LEADER
fixed length control field 00476cam a2200169ua 4500
020 ## - INTERNATIONAL STANDARD BOOK NUMBER
ISBN 81 85939 01 2
041 ## - LANGUAGE CODE
Language code of text/sound track or separate title eng
082 ## - DEWEY DECIMAL CLASSIFICATION NUMBER
Classification number 028.7866
Item number KIS/IN
100 ## - MAIN ENTRY--AUTHOR NAME
Personal name Kishore, Singh .
245 ## - TITLE STATEMENT
Title Intelluctual property rights on bio-technology: A status report /
250 ## - EDITION STATEMENT
Edition statement 1 /
260 ## - PUBLICATION, DISTRIBUTION, ETC. (IMPRINT)
Place of publication Newdelhi :
Name of publisher Bio-tech construction India ltd ,
Year of publication 1993.
300 ## - PHYSICAL DESCRIPTION
Number of Pages 130 ; .
942 ## - ADDED ENTRY ELEMENTS (KOHA)
Koha item type Books
Holdings
Withdrawn status Lost status Damaged status Home library Current library Date acquired Full call number Accession Number Koha item type
      KAUAET KAUAET 07/04/2012 028.7866 KIS/IN 18453 Books
free website counter